Ulubione kwiaty kobiet - Statystyki

Ogólne statystyki
  • Ten quiz został rozwiązany 715 razy
    352 od ostatniego zresetowania
  • Średni wynik to 4 z 7
Statystyki odpowiedzi
Hint Odpowiedź % Poprawnych
1. Róża
99%
3. Tulipan
94%
4. Goździk
65%
5. Storczyk
50%
2. Fiołek
33%
6. Frezja
21%
7. Kaktus
13%
Nie znaleziono quizów pasujących do podanych kryteriów
Rozkład punktacji
Procent ludzi z każdym wynikiem
Percentyl według liczby udzielonych odpowiedzi
Twoja historia wyników
Nie rozwiązałeś tego quizu od ostatniego zresetowania